000
00259nam a22001097a 4500
008
170125b xxu||||| |||| 00| 0 eng d
020
_a
0721686192
041
_a
eng
080
_2
6TH
_a
618.2
245
_a
HUNTER'S TROPICAL MEDICINE
_c
STRICKLAND
942
_2
udc
_c
BK
999
_c
3611
_d
3611